Memory skills in business : Basic techniques for improvement (Record no. 7781)
[ view plain ]
| 000 -LEADER | |
|---|---|
| fixed length control field | 00515nam a2200193Ia 4500 |
| 001 - CONTROL NUMBER | |
| control field | 6168 |
| 003 - CONTROL NUMBER IDENTIFIER | |
| control field | PK-LaUMT |
| 005 - DATE AND TIME OF LATEST TRANSACTION | |
| control field | 20221228143151.0 |
| 008 - FIXED-LENGTH DATA ELEMENTS--GENERAL INFORMATION | |
| fixed length control field | 140320s9999 xx 000 0 und d |
| 020 ## - INTERNATIONAL STANDARD BOOK NUMBER | |
| International Standard Book Number | 0-7494-0153-2 |
| 040 ## - CATALOGING SOURCE | |
| Transcribing agency | PK-LaUMT |
| 082 ## - DEWEY DECIMAL CLASSIFICATION NUMBER | |
| Classification number | 658.409 |
| Item number | ALL-M |
| 100 ## - MAIN ENTRY--PERSONAL NAME | |
| Personal name | Allen, Madelyn Burley |
| 245 ## - TITLE STATEMENT | |
| Title | Memory skills in business : Basic techniques for improvement |
| Statement of responsibility, etc | Allen, Madelyn Burley |
| 260 ## - PUBLICATION, DISTRIBUTION, ETC. (IMPRINT) | |
| Place of publication, distribution, etc | London,UK: |
| Name of publisher, distributor, etc | Kogan Page, |
| Date of publication, distribution, etc | 1988. |
| 300 ## - PHYSICAL DESCRIPTION | |
| Extent | 77 p. |
| 546 ## - LANGUAGE NOTE | |
| Language note | EN |
| 942 ## - ADDED ENTRY ELEMENTS (KOHA) | |
| Koha item type | Stocktaking Record 1999 |
| Source of classification or shelving scheme | Dewey Decimal Classification |
| Withdrawn status | Lost status | Damaged status | Not for loan | Home library | Current library | Date acquired | Total Checkouts | Full call number | Barcode | Date last seen | Price effective from | Koha item type |
|---|---|---|---|---|---|---|---|---|---|---|---|---|
| UMT Main Campus | UMT Main Campus | 2014-03-20 | 658.409 ALL-M | 6409 | 2014-03-20 | 2014-03-20 | Books |
